000 00228nam a2200097Ia 4500
008 120527s9999 xx 000 0 und d
100 _aBLANK,Denholm.
245 _aMathematics structure and skills.
260 _bSRA
942 _cBK
999 _c23884
_d23884